00385nam a2200145Ia 45000010006000000050017000060080041000230410008000640820015000721000033000872450094001202600009002146500008002236540008002312328820260414150927.0260414t2013||||xx |||||||||||||| ||spa|| aESP a628.2bP45 aPérez Carmona, RafaeleAUT 0aDiseño y construcción de alcantarillados sanitario, pluvial y drenaje en carreterasb c2013 aCNM aCCN